| 000 | 00796nam a2200217 a 4500 | ||
|---|---|---|---|
| 001 | 000297048 | ||
| 003 | AM-YEHGA | ||
| 005 | 20250618080114.0 | ||
| 008 | 031223s1992 le |||||r|||||||||1|arm|d | ||
| 040 | _aAM-YeHGA | ||
| 041 | 0 | _aarm | |
| 100 | 1 |
_aՍնապյան, Պողոս Մարկոսի, _d1927-2014 _93742 |
|
| 245 | 1 | 0 |
_aՄիջնարար-5 / _cՊ. Սնապեան. |
| 260 |
_aՊէյրութ : _bտպ. Համազգայինի Վահէ Սէթեան, _c1992. |
||
| 300 |
_a134 էջ ; _c24 սմ. |
||
| 500 | _aԳրքի թվային տարբերակը ՀԱԳ-ին է տրամադրել իրավատերը։ | ||
| 650 | 1 | 4 | _aՍփյուռքահայ արձակ |
| 856 | 4 | 1 |
_uhttp://haygirk.nla.am/upload/1941-/mijnarar_1992.pdf _yԿարդալ առցանց |
| 942 |
_2udc _cBK |
||
| 090 | _c565177 | ||
| 999 |
_c527200 _d527200 |
||